[Event "AUTO-ADV-603"]
[Site "http://www.queenalice.com/game.php?id=371026"]
[Date "2008.3.14"]
[Round "2"]
[White "AlexBoneto"]
[Black "duck"]
[Result "1-0"]
[WhiteElo "1902"]
[BlackElo "1973"]

1. e4 c5 2. Bc4 e6 3. e5 Nc6 4. Nf3 Nge7 5. d3 Ng6 6. O-O Ngxe5 7. Nxe5 Nxe5 8.
Bf4 Nxc4 9. dxc4 Qf6 10. Bc1 b6 11. Na3 Bb7 12. Nb5 Qd8 13. Bf4 Rc8 14. Nxa7 Ra8
15. Nb5 Rc8 16. Bd6 Bc6 17. Bxf8 Kxf8 18. Qd6+ Kg8 19. a4 Qg5 20. f3 h5 21. Na7
Rd8 22. Nxc6 Qe3+ 23. Rf2 1-0

[Event "AUTO-ADV-603"]
[Site "http://www.queenalice.com/game.php?id=371027"]
[Date "2008.3.14"]
[Round "2"]
[White "duck"]
[Black "AlexBoneto"]
[Result "0-1"]
[WhiteElo "2099"]
[BlackElo "1812"]

1. e4 e5 2. d4 Bd6 3. Nf3 Nc6 4. Bb5 exd4 5. Bxc6 dxc6 6. Qxd4 f6 7. O-O Bg4 8.
Qd3 Qe7 9. h3 Bxf3 10. Qxf3 Qe5 11. Nc3 Qh2# 0-1

[Event " FIM DE ANO 2007"]
[Site "http://www.queenalice.com/game.php?id=372041"]
[Date "2008.3.16"]
[Round "2"]
[White "AlexBoneto"]
[Black "charles"]
[Result "1-0"]
[WhiteElo "1913"]
[BlackElo "1827"]

1. e4 e5 2. Bc4 Nc6 3. Qh5 Nh6 4. d3 g6 5. Qf3 f5 6. Bxh6 Nd4 7. Qd1 Bxh6 8.
exf5 Nxf5 9. Nf3 d6 10. Nc3 Bd7 11. Nb5 d5 12. Qe2 dxc4 13. Qxe5+ Kf7 14. O-O
Bg7 15. Qd5+ Kf6 16. dxc4 c6 17. Qe5+ Kf7 18. Nd6+ Nxd6 19. Qxd6 Bxb2 20. Rad1
Bf5 21. Ne5+ Bxe5 22. Qxe5 Qf6 23. Qf4 Bxc2 24. Rd7+ Ke6 25. Re1+ Kxd7 26. Qxf6
Rhe8 27. Qf7+ 1-0

[Event "AUTO-ADV-874"]
[Site "http://www.queenalice.com/game.php?id=387990"]
[Date "2008.4.15"]
[Round "1"]
[White "AlexBoneto"]
[Black "elrey"]
[Result "1/2-1/2"]
[WhiteElo "1926"]
[BlackElo "1843"]

1. e4 e5 2. Qh5 Nc6 3. Bc4 g6 4. Qf3 Nf6 5. d3 Nd4 6. Qd1 b5 7. Bd5 Nxd5 8. exd5
Bb7 9. c4 bxc4 10. dxc4 Qh4 11. Nf3 Qe4+ 1/2-1/2

[Event "AUTO-ADV-874"]
[Site "http://www.queenalice.com/game.php?id=387991"]
[Date "2008.4.15"]
[Round "1"]
[White "elrey"]
[Black "AlexBoneto"]
[Result "1-0"]
[WhiteElo "1846"]
[BlackElo "1923"]

1. d4 d5 2. c4 dxc4 3. Nf3 f6 4. e4 b5 5. a4 c6 6. axb5 cxb5 7. b3 Bg4 8. bxc4
Bxf3 9. gxf3 b4 10. c5 Nc6 11. Bb5 Qc7 12. Ra6 Kf7 13. Rxc6 Qb7 14. Qb3+ e6 15.
Qxe6+ Kg6 16. Rg1+ Kh5 17. Qh3# 1-0

[Event "AUTO-ADV-874"]
[Site "http://www.queenalice.com/game.php?id=387992"]
[Date "2008.4.15"]
[Round "1"]
[White "AlexBoneto"]
[Black "Caronte"]
[Result "0-1"]
[WhiteElo "1910"]
[BlackElo "2106"]

1. e4 c5 2. Qh5 Nf6 3. Qxc5 Nxe4 4. Qe3 Nf6 5. Bc4 d5 6. Bb5+ Bd7 7. Bxd7+ Nbxd7
8. d4 e6 9. Nf3 Bd6 10. Ne5 Nxe5 11. dxe5 Ng4 12. Qf4 Nxe5 13. O-O Qc7 14. Qg5
Ng6 15. c3 O-O 16. g3 f5 17. b3 f4 18. Ba3 Bxa3 19. Nxa3 Qxc3 20. Nb5 Qc5 21. a4
a6 22. Na3 Rf5 23. Qg4 Ne5 24. Qe2 fxg3 25. hxg3 Nf3+ 26. Kg2 e5 27. Nc2 e4 28.
Ne3 Rg5 29. Rac1 Qe7 30. Rfd1 d4 31. Qc4+ Kh8 32. Qc8+ Qf8 33. Qxf8+ Rxf8 34.
Nf1 Rgf5 35. Rc7 Ne5 36. Rd2 Nd3 37. Rdc2 Ne1+ 0-1

[Event "AUTO-ADV-874"]
[Site "http://www.queenalice.com/game.php?id=387993"]
[Date "2008.4.15"]
[Round "1"]
[White "Caronte"]
[Black "AlexBoneto"]
[Result "1-0"]
[WhiteElo "1942"]
[BlackElo "1904"]

1. e4 e5 2. Nf3 Nc6 3. Bc4 Bc5 4. b4 Bxb4 5. c3 Bc5 6. O-O d6 7. d4 exd4 8. cxd4
Bb6 9. Nc3 Bg4 10. Bb5 Bxf3 11. gxf3 Qf6 12. d5 Qxf3 13. Qxf3 Nf6 14. dxc6 bxc6
15. Bxc6+ Ke7 16. Bxa8 Rxa8 17. e5 dxe5 18. Qxa8 Ng4 19. Ba3+ Ke6 20. Qc8+ 1-0

[Event "AUTO-ADV-874"]
[Site "http://www.queenalice.com/game.php?id=387994"]
[Date "2008.4.15"]
[Round "1"]
[White "AlexBoneto"]
[Black "J_Ricardo"]
[Result "1-0"]
[WhiteElo "1904"]
[BlackElo "1656"]

1. e4 e5 2. Qh5 d6 3. Bc4 Qe7 4. d3 Nf6 5. Qd1 g6 6. Bg5 Bg7 7. Bxf6 Bxf6 8. Nc3
a6 9. Nd5 Qd7 10. Nxf6+ Kf8 11. Nxd7+ Bxd7 12. Qf3 Ke8 13. Qxf7+ Kd8 14. Qf6+
Ke8 15. Qxh8+ Ke7 16. Qxh7+ Kd8 17. Qf7 g5 18. Qf8+ Be8 19. Bf7 Kd7 20. Qxe8#
1-0

[Event "AUTO-ADV-874"]
[Site "http://www.queenalice.com/game.php?id=387995"]
[Date "2008.4.15"]
[Round "1"]
[White "J_Ricardo"]
[Black "AlexBoneto"]
[Result "0-1"]
[WhiteElo "1618"]
[BlackElo "1862"]

1. e4 e5 2. a3 Bc5 3. Nf3 d6 4. d3 Bg4 5. Be2 Bxf3 6. Bxf3 Qh4 7. Qe2 Nc6 8. c3
g5 9. g3 Qh3 10. b4 Bb6 11. d4 h5 12. dxe5 Nxe5 13. Nd2 g4 14. Bb2 gxf3 15. Qf1
Qxf1+ 16. Kxf1 h4 17. gxh4 Rxh4 18. c4 O-O-O 19. Bxe5 dxe5 20. Nxf3 Rf4 21. c5
Bxc5 22. bxc5 Rxf3 23. Ke2 Rdd3 24. Rhg1 Nf6 25. Rac1 Nxe4 26. a4 Rxf2+ 27. Kxd3
f5 28. h3 Rf3+ 29. Kc4 Rxh3 30. Kd5 Nd2 31. Ke6 Rh6+ 32. Kxe5 Nf3+ 33. Kxf5 Nxg1
34. Rxg1 b6 35. cxb6 axb6 36. Kg5 Rd6 37. Rg4 Kb7 38. Kf5 Ka6 39. Re4 Ka5 40.
Ke5 Rd3 41. Kf5 Ra3 42. Re5+ c5 43. Re4 Rxa4 44. Re6 Rd4 45. Re7 Kb4 46. Rb7 b5
47. Ke5 Kc3 48. Rxb5 c4 49. Rc5 Kd3 50. Rc6 c3 51. Rc5 Ra4 52. Rd5+ Kc2 53. Rc5
Kb2 54. Kd5 c2 55. Kc6 c1=Q 56. Rxc1 Kxc1 57. Kb5 Rf4 58. Kc5 Kd2 59. Kd5 Ke3
60. Kc5 Rd4 61. Kc6 Ke4 62. Kb5 Kd5 63. Kb6 Rc4 64. Kb5 Kd4 65. Kb6 Rc5 66. Kb7
Kd5 67. Kb6 Kd6 68. Ka6 Kc6 69. Ka7 Kc7 70. Ka6 Rh5 71. Ka7 Ra5# 0-1

[Event " FIM DE ANO 2007"]
[Site "http://www.queenalice.com/game.php?id=390519"]
[Date "2008.4.20"]
[Round "3"]
[White "THECRAZY"]
[Black "AlexBoneto"]
[Result "1-0"]
[WhiteElo "1862"]
[BlackElo "1936"]

1. d4 e6 2. c4 Bb4+ 3. Bd2 Bxd2+ 4. Nxd2 Nf6 5. f3 O-O 6. e4 d5 7. e5 Nfd7 8.
Qc2 Qh4+ 9. g3 Qxd4 10. f4 dxc4 11. Bxc4 Nc5 12. O-O-O Qe3 13. Nf3 c6 14. Rde1
Qf2 15. Rhf1 Qg2 16. Ng5 Qxh2 17. Rh1 Qxh1 18. Rxh1 g6 19. Nxh7 Rd8 20. Nf6+ Kg7
21. Nf3 Rh8 22. Rxh8 Kxh8 23. Qh2+ Kg7 24. Qh7+ Kf8 25. Qg8+ Ke7 26. Qe8# 1-0

[Event "AUTO-ADV-916"]
[Site "http://www.queenalice.com/game.php?id=406122"]
[Date "2008.5.21"]
[Round "1"]
[White "armesto65"]
[Black "AlexBoneto"]
[Result "1-0"]
[WhiteElo "2107"]
[BlackElo "1868"]

1. e4 e5 2. Nf3 Nc6 3. Bb5 a6 4. Ba4 b5 5. Bb3 Bb7 6. O-O Nd4 7. Nxe5 Nh6 8. d3
Nxb3 9. axb3 Qh4 10. Nc3 Bd6 11. Nf3 Qh5 12. Bxh6 gxh6 13. Ne2 Rg8 14. Ng3 Bxg3
15. fxg3 O-O-O 16. Nh4 Qc5+ 17. Kh1 Kb8 18. Rxf7 Rgf8 19. d4 Qg5 20. Rxf8 Rxf8
21. Qd3 Qf6 22. Nf3 d6 23. c4 bxc4 24. bxc4 Qg6 25. d5 Re8 26. Re1 Qg7 27. Nd4
Rf8 28. Nc6+ Bxc6 29. dxc6 Qxb2 30. Rb1 Qxb1+ 31. Qxb1+ Kc8 32. Qb7+ Kd8 33.
Qb8+ Ke7 34. Qxc7+ Kf6 35. Qxd6+ Kg7 36. Qxf8+ Kxf8 37. c7 Ke8 38. c8=Q+ 1-0

[Event "AUTO-ADV-916"]
[Site "http://www.queenalice.com/game.php?id=406123"]
[Date "2008.5.21"]
[Round "1"]
[White "AlexBoneto"]
[Black "armesto65"]
[Result "0-1"]
[WhiteElo "1917"]
[BlackElo "2096"]

1. e4 c5 2. Bc4 Nc6 3. Qf3 e6 4. d3 Nf6 5. Bg5 Be7 6. Bxf6 Bxf6 7. Qh5 Bxb2 8.
Qxc5 Qa5+ 9. Qxa5 Nxa5 10. Nf3 Bxa1 11. e5 Nxc4 12. dxc4 b6 13. O-O Bb7 14. Nbd2
Bc3 15. Rd1 Rc8 16. Kf1 Ke7 17. Ng5 Bxe5 18. h4 f6 19. Nh3 d5 20. cxd5 Bxd5 21.
c4 Bxc4+ 22. Nxc4 Rxc4 23. g3 Rhc8 24. Ke2 Rc2+ 25. Rd2 b5 26. Rxc2 Rxc2+ 27.
Kd3 Rxa2 0-1

[Event "AUTO-ADV-916"]
[Site "http://www.queenalice.com/game.php?id=406134"]
[Date "2008.5.21"]
[Round "1"]
[White "marvgiff"]
[Black "AlexBoneto"]
[Result "0-1"]
[WhiteElo "1486"]
[BlackElo "1934"]

1. d4 d5 2. c4 dxc4 3. Nc3 e6 4. e4 Bb4 5. a3 Bxc3+ 6. bxc3 Nf6 7. Bg5 h6 8.
Bxf6 Qxf6 9. Bxc4 Qg6 10. Qf3 O-O 0-1

[Event "AUTO-ADV-916"]
[Site "http://www.queenalice.com/game.php?id=406135"]
[Date "2008.5.21"]
[Round "1"]
[White "AlexBoneto"]
[Black "marvgiff"]
[Result "1-0"]
[WhiteElo "1932"]
[BlackElo "1488"]

1. e4 e5 2. Bc4 Nc6 3. d3 Nf6 4. Bg5 Be7 5. Bxf6 Bxf6 6. Nc3 O-O 7. h4 Nd4 8.
Nf3 Nxf3+ 9. Qxf3 c6 10. h5 h6 11. g4 1-0

[Event "AUTO-ADV-916"]
[Site "http://www.queenalice.com/game.php?id=406142"]
[Date "2008.5.21"]
[Round "1"]
[White "AlexBoneto"]
[Black "SGF"]
[Result "1-0"]
[WhiteElo "1921"]
[BlackElo "1672"]

1. e4 e5 2. Bc4 Qf6 3. d3 Bc5 4. Nh3 d5 5. Bg5 Qg6 6. Bxd5 Bxh3 7. gxh3 Qxg5 8.
Bxb7 Qg2 9. Rf1 Qxh2 10. Bxa8 Qxh3 11. Nc3 Nf6 12. Qe2 Ng4 13. d4 Bxd4 14. Qb5+
Kd8 15. Qxb8+ Kd7 16. Qxh8 Bxf2+ 17. Rxf2 Qe3+ 18. Re2 Qg1+ 19. Kd2 Qxa1 20.
Bc6+ Kxc6 21. Qe8+ Kb7 22. Qb5+ Kc8 23. Re1 Qxe1+ 24. Kxe1 h5 25. Qa6+ Kd7 26.
Qxa7 h4 27. Nd5 h3 28. Qxc7+ Ke6 29. Qe7# 1-0

[Event "AUTO-ADV-916"]
[Site "http://www.queenalice.com/game.php?id=406143"]
[Date "2008.5.21"]
[Round "1"]
[White "SGF"]
[Black "AlexBoneto"]
[Result "0-1"]
[WhiteElo "1651"]
[BlackElo "1927"]

1. e4 e5 2. Qh5 Nc6 3. Bc4 g6 4. Qf3 Nh6 5. d3 Nd4 6. Qd1 d6 7. c3 Nc6 8. Bxh6
Bxh6 9. Qf3 O-O 10. h4 Be6 11. h5 Qg5 12. Ne2 Bg4 13. Qg3 Bxh5 14. Qxg5 Bxg5 15.
f3 Kg7 16. Ng3 Kh6 17. Nxh5 gxh5 18. g4 Kg7 19. Rxh5 h6 20. Na3 a6 21. b4 b5 22.
Bd5 Rab8 23. Bxc6 Rb6 24. Bd7 Rd8 25. Bf5 Rc6 26. Rc1 Rb6 27. d4 Bxc1 28. Nc2
Ra8 29. dxe5 dxe5 30. Bd7 Rd6 31. Bf5 Bd2+ 32. Kf1 Bc1 33. a3 Rd2 34. Ne3 c6 35.
g5 Rh8 36. Ng4 hxg5 37. Rxg5+ Kf8 38. Nf2 Rh2 39. Rg2 Rxg2 40. Kxg2 Ra2 41. Bd7
Be3 42. Bxc6 Rxf2+ 43. Kg3 Ra2 44. Bb7 Rxa3 45. Kg4 Ke7 46. Kf5 f6 47. Kg4 Bd2
48. c4 bxc4 49. Bd5 c3 50. Bc6 c2 51. b5 c1=Q 52. bxa6 Qg1+ 53. Kf5 Qg5# 0-1

[Event "AUTO-MASTER-528"]
[Site "http://www.queenalice.com/game.php?id=406212"]
[Date "2008.5.21"]
[Round "1"]
[White "AlexBoneto"]
[Black "bacana"]
[Result "0-1"]
[WhiteElo "1855"]
[BlackElo "2090"]

1. e4 c5 2. Bc4 e6 3. e5 Nc6 4. Nf3 Qc7 5. d4 cxd4 6. Nxd4 Qxe5+ 7. Be3 Nxd4 8.
Qxd4 Qxd4 9. Bxd4 d5 10. Bb5+ Bd7 11. Bxd7+ Kxd7 12. O-O Nf6 13. Nc3 Be7 14. Nb5
a6 15. Nc3 Rhc8 16. a3 b5 17. a4 b4 18. Nd1 Rxc2 19. a5 Rac8 20. f3 Bc5 21. Bxc5
R8xc5 22. Re1 Rc1 23. Rxc1 Rxc1 24. Kf1 Ra1 25. b3 Rxa5 26. Re3 Rc5 27. Ke2 a5
28. Kd3 Kd6 29. Nb2 Rc3+ 30. Kd2 Rxe3 31. Kxe3 Nd7 32. Na4 e5 33. g4 f6 34. f4
Nc5 35. fxe5+ fxe5 0-1

[Event "AUTO-MASTER-528"]
[Site "http://www.queenalice.com/game.php?id=406213"]
[Date "2008.5.21"]
[Round "1"]
[White "bacana"]
[Black "AlexBoneto"]
[Result "1-0"]
[WhiteElo "2083"]
[BlackElo "1862"]

1. d4 d6 2. e4 e5 3. dxe5 dxe5 4. Qxd8+ Kxd8 5. Nf3 Nc6 6. Bc4 Be6 7. Bxe6 fxe6
8. Bg5+ Kd7 9. Nc3 Re8 10. O-O-O+ Kc8 11. a3 Bc5 12. Rhf1 h6 13. Bh4 g5 14. Bg3
Nf6 15. Nxe5 Nxe5 16. Bxe5 Rhf8 17. f3 Nd7 18. Bg7 Rf7 19. Bxh6 Be3+ 20. Kb1 Rh8
21. Rfe1 Bf4 22. g3 Rxh6 23. gxf4 Rxf4 24. Rg1 Rg6 25. Rg3 Ne5 26. Rh3 Rg8 27.
Nb5 Nc6 28. Rg3 a6 29. Nd4 Nxd4 30. Rxd4 b5 31. a4 Kb7 32. axb5 axb5 33. b4 Kb6
34. Rd7 g4 35. Rd3 1-0

[Event "AUTO-MASTER-528"]
[Site "http://www.queenalice.com/game.php?id=406214"]
[Date "2008.5.21"]
[Round "1"]
[White "AlexBoneto"]
[Black "Rutty"]
[Result "0-1"]
[WhiteElo "1877"]
[BlackElo "2040"]

1. e4 e5 2. Bc4 Nc6 3. d3 h6 4. Qf3 Nf6 5. Nc3 Bc5 6. h3 d6 7. Bb5 O-O 8. Bxc6
bxc6 9. Na4 Bb6 10. Ne2 d5 11. Qg3 Kh7 12. h4 Nh5 13. Qf3 g6 14. g4 Nf6 15. g5
Ng4 16. gxh6 Bxf2+ 17. Kd1 dxe4 18. Qxe4 Qd6 19. Qf3 Bb6 20. h5 Nf2+ 21. Kd2
Nxh1 22. Qxh1 Bg4 23. Nxb6 cxb6 24. hxg6+ Qxg6 25. Kd1 Qh5 26. Qe4+ Qf5 27. Qxc6
Qf1+ 0-1

[Event "AUTO-MASTER-528"]
[Site "http://www.queenalice.com/game.php?id=406215"]
[Date "2008.5.21"]
[Round "1"]
[White "Rutty"]
[Black "AlexBoneto"]
[Result "1-0"]
[WhiteElo "2114"]
[BlackElo "1868"]

1. e4 e5 2. Nf3 Nc6 3. Bc4 h6 4. O-O Bc5 5. c3 Nf6 6. Qe2 d6 7. b4 Bb6 8. d3 Ng4
9. h3 h5 10. Be3 Qf6 11. Bg5 Qg6 12. Bh4 Nh6 13. a4 Bxh3 14. Ng5 Bg4 15. Qd2 f6
16. Ne6 Bh3 17. g3 Bxf1 18. a5 Bxf2+ 19. Kxf2 Bh3 20. Nxc7+ Kd7 21. Nxa8 Rxa8
22. Bd5 Ng4+ 23. Kg1 f5 24. Qg5 Qxg5 25. Bxg5 fxe4 26. Bxe4 Rf8 27. Nd2 Rf2 28.
Bf3 Rxf3 29. Nxf3 Ne7 30. Bxe7 Kxe7 31. Ng5 Kf6 32. Nxh3 Ne3 33. c4 Kf5 34. Re1
Nc2 35. Rb1 Kg4 36. Kh2 g5 37. Rb2 Ne3 38. Rf2 Nf5 39. Rg2 Ne3 40. Rg1 Nc2 41.
b5 b6 42. axb6 1-0

[Event "AUTO-MASTER-528"]
[Site "http://www.queenalice.com/game.php?id=406216"]
[Date "2008.5.21"]
[Round "1"]
[White "AlexBoneto"]
[Black "julianofaria"]
[Result "0-1"]
[WhiteElo "1897"]
[BlackElo "2039"]

1. e4 Nf6 2. Nc3 d5 3. exd5 Nxd5 4. Nxd5 Qxd5 5. Nf3 e5 6. d3 Bg4 7. Be2 Bc5 8.
O-O Nc6 9. Re1 f6 10. Nxe5 Bxe2 11. Rxe2 fxe5 12. c4 Qd6 13. Bg5 O-O 14. a3 a5
15. Re4 Rxf2 16. Be3 Bxe3 17. Rxe3 Raf8 18. Qh5 Qd4 19. Qh3 Qf4 0-1

[Event "AUTO-MASTER-528"]
[Site "http://www.queenalice.com/game.php?id=406217"]
[Date "2008.5.21"]
[Round "1"]
[White "julianofaria"]
[Black "AlexBoneto"]
[Result "1-0"]
[WhiteElo "2049"]
[BlackElo "1887"]

1. d4 d5 2. Bf4 Nc6 3. e3 Bf5 4. c3 Nf6 5. Nf3 Na5 6. Qa4+ Nc6 7. Nbd2 a6 8. Be2
b5 9. Qd1 h6 10. O-O g5 11. Bg3 h5 12. a4 g4 13. Ne5 Nxe5 14. Bxe5 e6 15. axb5
a5 16. b6 cxb6 17. Qa4+ Ke7 18. c4 Rh7 19. c5 1-0